000 00490nam a2200193Ia 4500
003 OSt
005 20240521154937.0
008 210210b1976 xxu||||| |||| 00| 0 eng d
040 _cAL
041 _dKannada
082 _aK894.3 NILA
100 _aNILADEVI.
_dನೀಳಾದೇವಿ
_9166452
245 _aAnuradha.
_bಅನುರಾಧಾ
260 _aBengaluru
_bHemanta Sahitya
_c1976
300 _a194
690 _aKannada Fiction
_9166453
906 _a032235
942 _2ddc
_cBK
999 _c83102
_d83102